000 00584nam a2200229 a 4500
999 _c4811
_d4811
001 4811
003 BD-JhCC
005 20171203190755.0
008 171203s19511960e a|||| || | 000 0 eng d
035 _a(BD-JhCC)4811
040 _aBD-JhCC
_dBD-JhCC
041 _aeng
082 _a823.8
_bGRI 1960
100 _aGrimm, The Brothers
245 _aThe Golden Goose /
_cThe Brothers Grimm,
260 _aLondon :
_bOxford University Press,
_c1960.
300 _a74 p. :
_c18 cm.
650 _aChildern's Stories
700 _aHornby, A. S.
942 _2ddc
_cBK